000
00285nam a22001337a 4500
003
OSt
008
250106b |||||||| |||| 00| 0 eng d
041
_a
eng
082
_a
580
100
_a
Gopinathan Nair
_9
6788
245
_a
Pre Degree Botany
260
_a
Calicut:
_b
TBS
942
_c
BK
999
_c
18948
_d
18948